000 00576nam a22001697a 4500
003 OSt
008 260602b |||||||| |||| 00| 0 eng d
020 _a9780367260378
082 _a577.145
_bL86N
245 _aNitrogen Cycle: Ecology, Biotechnological Applications and Environmental Impacts/
_bedited by Jesus Gonzalez-Lopez and Alejandeo Gonalez Martinez
260 _aBoca Raton:
_bCRC Press;
_c2021
300 _avi, 286 p.
650 _aPure Science I Biology I Nitrogen
700 _aLopez , Jesus Gonzalez
700 _aMartinez, Alejandeo Gonalez
942 _2ddc
_cBK
999 _c51219
_d51219